00293nam a2200121Ia 4500008004100000100001200041245002500053260005000078300000800128650001300136942000700149999001500156190216s9999||||xx |||||||||||||| ||und|| aVinod A 0aFinancial Accounting bCalicut University Central Co-Operativec2006 a864 aCommerce cBK c8229d8229